[Event "Rubinstein Memorial-C 54th"]
[Site "Polanica Zdroj"]
[Date "2018.08.21"]
[Round "4"]
[White "Czuchnicki, Adam"]
[Black "Trzebinski, Patryk"]
[Result "0-1"]
[WhiteElo "1922"]
[BlackElo "1629"]
[PlyCount "50"]
[EventDate "2018.08.18"]
[EventType "swiss"]
[EventRounds "9"]
[EventCountry "POL"]
[SourceTitle "EXT 2020"]
[Source "ChessBase"]
[SourceDate "2019.10.17"]
[SourceVersion "1"]
[SourceVersionDate "2019.10.17"]
[SourceQuality "1"]

1. Nf3 d5 2. g3 c5 3. Bg2 Bf5 4. 0-0 Nc6 5. d4 e6 6. c4 Nf6 7. Nc3 Be7 8. dxc5 Bxc5 9. cxd5 Nxd5 10. Nxd5 Qxd5 11. Qa4 0-0 12. Nh4 Qe5 13. Nxf5 exf5 14. Bxc6 bxc6 15. e3 Qe4 16. Qa5 Bb4 17. Qa6 Rfd8 18. a3 Be7 19. b4 Qc2 20. a4 Bf6 21. Ra3 Rd1 22. Rxd1 Qxd1+ 23. Qf1 Rd8 24. Ra2 Qxf1+ 25. Kxf1 Rd1+ 0-1